000 01575nam0a2200313 4500
001 RU\NLR\bibl\494272
005 20260409064012.0
010 _a5-94909-316-X
_92500
021 _aRU
_b2003-65624
_93234
035 _a(NLR Aleph) 000486919
090 _a1089067
_c1089067
100 _a20040225d2003 |||y0rusy50 ca
101 0 _arus
102 _aRU
105 _ay |||||||||
200 1 _aУголовно-процессуальный кодекс Российской Федерации
_e[С процессуал. документами
_eПринят Гос. Думой 22 нояб. 2001 г.
_eОдобрен Советом Федерации 5 дек. 2001 г.]
205 _a[Новая ред.]
210 _aМ.
_cКн. сервис
_d2003
215 _a446 с.
_d20
604 _171001$aРоссийская Федерация
_1500##$3RU\NLR\AUTH\661293027$aУголовно-процессуальный кодекс$2nlr_sh2
_aРоссийская Федерация
_tУголовно-процессуальный кодекс
_92146253
_3RU\NLR\AUTH\661293027
606 0 _aУголовно-процессуальный кодекс
_yРоссийская Федерация
_92078726
_3RU\NLR\AUTH\661254590
686 1 _aХ629.3-324.9(2Р)
740 1 _aРоссийская Федерация
_tЗаконы
_iУголовно-процессуальный кодекс
_3RU\NLR\AUTH\880379492
_9425373
801 0 _aRU
_bNLR
_c20040225
_gPSBO
801 1 _aRU
_bNLR
_c20040225
942 _cBOOK
980 _aNB